Normal view
MARC view
- Azeem Beg Chughtai, Mirza
Entry Personal Name
001 - CONTROL NUMBER
- control field: 81521
003 - CONTROL NUMBER IDENTIFIER
- control field: NUST
005 - DATE AND TIME OF LATEST TRANSACTION
- control field: 20210813112758.0
008 - FIXED-LENGTH DATA ELEMENTS
- fixed length control field: 210813|| aca||aabn | a|a d
040 ## - CATALOGING SOURCE
- Original cataloging agency: NUST
- Transcribing agency: NUST
100 ## - HEADING--PERSONAL NAME
- Personal name: Azeem Beg Chughtai, Mirza
670 ## - SOURCE DATA FOUND
- Source citation: Work cat.: (NUST)585866: Azeem Beg Chughtai, Mirza, Majmuah Mirza Azeem Baig Chughatai, 2008
